Pamplona descripción tradiciones y leyendas históricas (Registro nro. 23927)
[ vista simple ]
| 000 -ENCABEZADO | |
|---|---|
| Número de control [NR] | 00739nam a2200181Ia 4500 |
| 005 - FECHA Y HORA DE LA ÚLTIMA TRANSACCIÓN | |
| control field | 20210908122258.0 |
| 008 - DE LONGITUD FIJA DE DATOS DE ELEMENTOS - INFORMACIÓN GENERAL | |
| Elementos de longitud fija [NR] | 130821s1911 ck gr spa |
| 040 ## - FUENTE DE CATALOGACION [NR] | |
| Agencia de catalogación original [NR] | Co-BoUCM |
| Idioma de catalogación [NR] | spa |
| Quien Cataloga | Sandra Yazo (modificó) |
| Quien Clasifica | Sandra Yazo (modificó) |
| 041 00 - CODIGO DE IDIOMA [R] | |
| Código de idioma para texto/pista de sonido o título separado [R] | Español |
| 082 ## - NUMERO DE CLASIFICACION DECIMAL DEWEY [R] | |
| Número de clasificación [R] | 986.861242 |
| Número del ítem [NR] | R62 |
| 100 ## - ASIENTO PRINCIPAL--NOMBRE PERSONAL [NR] | |
| Nombre personal [NR] | Rocheraux, I.H. |
| ID Autoridad | 105592 |
| 245 00 - MENCION DE TITULO [NR] | |
| Título [NR] | Pamplona descripción tradiciones y leyendas históricas |
| Mención de responsabilidad, etc. [NR] | I.H. Rocheraux |
| 260 ## - PUBLICACION, DISTRIBUCION, ETC. (PIE DE IMPRENTA) [R] | |
| Lugar de publicación, distribución, etc. [R] | Pamplona (Norte de Santander, Colombia) |
| Nombre del editor, distribuidor, etc. [R] | Imprenta de la Diócesis |
| Fecha de publicación, distribución, etc. [R] | 1911 |
| 300 ## - DESCRIPCION FISICA [R] | |
| Extensión [R] | 60 páginas |
| 650 04 - ASIENTO SECUNDARIO DE MATERIA - TERMINO TEMATICO [R] | |
| Término temático o nombre geográfico como elemento de entrada [NR] | Leyendas |
| Subdivisión geográfica [R] | Pamplona (Norte de Santander, Colombia) |
| 9 (RLIN) | 18449 |
| 651 ## - ASIENTO SECUNDARIO DE MATERIA - NOMBRE GEOGRAFICO [R] | |
| Nombre geográfico [NR] | Pamplona (Norte de Santander, Colombia) |
| Subdivisión general [R] | Historia |
| 9 (RLIN) | 105593 |
| 942 ## - ELEMENTOS DE ENTRADA AGREGADOS (KOHA) | |
| Tipo de ítem principal el descrito en 300a | Libro |
| Tema principal | 21 |
| Edición | 1 |
| Parte restante de la signatura top. | R62 |
| Título oculto en OPAC | No |
| Sistema de clasificación | DEWEY |
| Clasificación | 986.861242 |
| Suprimido | Perdido | Sistema de clasificación | Dañado | No prestable | Tipo de ítem específico | Ubicación habitual | Ubicación actual | Localización | Fecha de creación | Forma de adquisición | Costo | Signatura topográfica | Código de barras | Última vez visto | Ejemplar | Price effective from | Tipo de ítem | Nota pública (OPAC) |
|---|---|---|---|---|---|---|---|---|---|---|---|---|---|---|---|---|---|---|
| DEWEY | Libro | Archivo Histórico | Archivo Histórico | Archivo histórico | 28/02/2003 | Donación | 500.00 | 986.861242 R62 | 100029028 | 14/06/2012 | Ej.1 | 03/02/2013 | Libro | TRANSFERENCIA CRAI C8 |